Tiempo para vivir

Kaydedildi:
Detaylı Bibliyografya
Yazar: Valldeperes, Manuel
Materyal Türü: Kitap
Dil:Undetermined
Baskı/Yayın Bilgisi: Barcelona, España Carabela 1968
Konular:
Etiketler: Etiketle
Etiket eklenmemiş, İlk siz ekleyin!

MARC

LEADER 00000nam a2200000Ia 4500
008 170316s9999 xx 000 0 und d
040 |a cru BVZT 
090 |a 862 V-5t 
100 |a Valldeperes, Manuel 
245 |a Tiempo para vivir 
260 |a Barcelona, España 
260 |b Carabela 
260 |c 1968 
300 |a 51 páginas 
650 |a LITERATURA ESPAÑOLA 
942 |c 15 D 
999 |c 10587  |d 10587